000 01185cam a2200217 i 4500
001 000019179
005 20200929165937.0
008 780616s1974 cl b 100 0 spa
040 _aDO-SdBNP
_bspa
_cBNPHU
111 2 _aMesa Redonda Colombiana sobre Recursos Naturales,
_n1st,
_cBogota,
_d1971.
_941284
245 0 0 _aV Mesa Redonda Panamericana y I Colombiana sobre Recursos Naturales, Bogota, mayo 1971 :
_b[los recursos naturales en la integracion latinoamericana].
246 3 _a5. Mesa Redonda Panamericana y I Colombiana sobre Recursos Naturales
260 _aSantiago, Chile :
_bInstituto Panamericano de Geografia e Historia, Comision de Geografia,
_c1974.
300 _a389 p. ;
_c23 cm.
490 1 _aPublicacion - Comision de Geografia, Instituto Panamericano de Geografia e Historia ; no. 358
504 _aIncludes bibliographical references.
650 0 _aNatural resources
_zLatin America
_xCongresses.
_941285
710 2 _aPan American Institute of Geography and History.
_bCommission on Geography.
_941286
740 0 _aRecursos naturales en la integracion latinoamericana.
830 0 _aPublicacion (Pan American Institute of Geography and History) ;
_vno. 358.
_930387
999 _c18697
_d18697